01408nam a2200289 a 450000100060000000300080000600500170001400800410003102000220007203500190009404000270011304100080014008200240014824501430017226000380031530000350035350400640038860000800045270000290053270000280056170000310058994200120062099900170063295201580064995201560080795201550096356102BD-RjUL20211209080343.0161126s2004 nyua b 001 0 eng  a0393979040 (pbk.) a(BD-RjUL)56226 aDLCcDLCdBD-RjULbeng aeng00a821.7223bCOL 200401aColeridge's poetry and prose :bauthoritative texts, criticism /cselected and edited by Nicholas Halmi, Paul Magnuson, Raimonda Modiano. aNew York :bW. W. Norton,cc2004. axxxi, 796 p. :bill. ;c24 cm. aIncludes bibliographical references (p. 785-796) and index.10aColeridge, Samuel Taylor,d1772-1834xCriticism and interpretation.91654521 aHalmi, Nicholas.91670081 aMagnuson, Paul.91670091 aModiano, Raimonda.9167010 2ddccBK c56102d56102 00102ddc40708NFICaRUCLbRUCLcStackd2008-03-09edhaka, paragon Enterprice ltd.g225.00l0o821.7 COL 2004r2016-11-26 00:00:00tC-2w2016-11-26yBK 00102ddc40718NFICaRUCLbRUCLcReadingd2008-03-09eParagogn Enterprise, Dhakag225.00l0o821.7 COL 2004r2017-01-25 00:00:00tC-1w2017-01-25yBK 00102ddc40708NFICaRUCLbRUCLcStackd2008-03-09eParagon Interprise , Dhaka.g225.00l0o821.7 COL 2004r2020-03-09 00:00:00tC-4w2020-03-09yBK